[Event "Malmo Open 2014"]
[Site "Malmo"]
[Date "2014.12.14"]
[Round "6.6"]
[White "Rydstrom, Tom"]
[Black "Westerberg, Jonathan"]
[Result "0-1"]
[WhiteElo "2243"]
[BlackElo "2411"]

1.e4 c5 2.Nf3 Nc6 3.d4 cxd4 4.Nxd4 Nf6 5.Nc3 e6 6.Ndb5 Bb4 7.Bf4 O-O 8.Bc7
Qe7 9.Bd6 Bxd6 10.Qxd6 Ne8 11.Qxe7 Nxe7 12.O-O-O f5 13.f3 fxe4 14.fxe4 Ng6
15.a4 Rf2 16.Nd6 Nxd6 17.Rxd6 Ne5 18.Rd2 Rxd2 19.Kxd2 Kf8 20.Ke3 Ke7 21.
Be2 d6 22.Nb5 a6 23.Nd4 Bd7 24.a5 Rc8 25.c3 Nf7 26.Rc1 Nh6 27.h3 e5 28.Nf3
Ng8 29.b4 Nf6 30.c4 Be6 31.g4 Nd7 32.Nd2 Nb8 33.Nf3 Nc6 34.Rb1 Nd8 35.Rc1 
Bd7 36.c5 dxc5 37.Nxe5 cxb4 38.Rb1 Rc5 39.Nxd7 Kxd7 40.Rxb4 Rxa5 41.Rd4+ 
Ke7 42.h4 Ne6 43.Rd3 Ra2 44.Rc3 b5 45.g5 b4 46.Rc4 Ra3+ 47.Kd2 Ra2+ 48.Ke3
Ra3+ 49.Kd2 Rh3 50.e5 a5 51.Kc2 Rc3+ 52.Rxc3 Nd4+ 53.Kd3 bxc3 54.Bd1 c2 
0-1

[Event "Malmo Open 2014"]
[Site "Malmo"]
[Date "2014.12.14"]
[Round "6.7"]
[White "Bellon Lopez, Juan Manuel"]
[Black "Mohammadi, Amir"]
[Result "0-1"]
[WhiteElo "2381"]
[BlackElo "2242"]

1.b3 f5 2.Bb2 e6 3.g3 Nf6 4.Bg2 d5 5.e3 Bd6 6.c4 c6 7.d3 O-O 8.Nd2 Nbd7 9.
Qc2 e5 10.e4 fxe4 11.dxe4 Ng4 12.Nh3 Qb6 13.O-O Bc5 14.Bf3 Ndf6 15.cxd5 
cxd5 16.exd5 Nxf2 17.Nxf2 Ng4 18.Bxg4 Bxf2+ 19.Kg2 Bxg4 20.Qe4 Qh6 21.Qxg4
Qxd2 22.Bc1 Qxd5+ 23.Kh3 e4 24.Rd1 Qf5 25.Qxf5 Rxf5 26.Rd7 Rf7 27.Rd2 Bc5 
28.Re2 Re8 29.Be3 Bxe3 30.Rxe3 Rf2 31.Rae1 Rxa2 32.Rxe4 Rxe4 33.Rxe4 Rb2 
34.b4 Kf7 35.g4 Kf6 36.Kg3 Rb3+ 37.Kf2 b6 38.h4 h6 39.Kg2 g5 40.h5 a5 41.
bxa5 bxa5 42.Rc4 Rb6 43.Kf3 Rb3+ 44.Kf2 Rb6 45.Ke3 Ra6 46.Kd3 a4 47.Kc2 a3
48.Kb1 Ke5 49.Ka2 Kd5 50.Rb4 Ke5 51.Rc4 Rd6 52.Kxa3 Rd4 53.Rc6 Rxg4 54.
Rxh6 Rh4 55.Kb3 g4 56.Kc3 g3 57.Rg6 Kf4 58.h6 Kf3 59.Rf6+ Ke2 60.Rg6 Kf2 
61.Rf6+ Kg1 62.Kd2 g2 0-1

[Event "Malmo Open 2014"]
[Site "Malmo"]
[Date "2014.12.14"]
[Round "6.8"]
[White "Tomaz, Tainan Pantano"]
[Black "Kockum, Anton Frisk"]
[Result "0-1"]
[WhiteElo "1907"]
[BlackElo "2362"]

1.d4 e6 2.e4 d5 3.exd5 exd5 4.Bd3 Nc6 5.Ne2 Bd6 6.c3 Nge7 7.Bf4 Bf5 8.O-O 
O-O 9.Re1 Re8 10.Bxd6 Qxd6 11.Na3 Bxd3 12.Qxd3 Ng6 13.Qg3 Qd7 14.Nf4 Nxf4 
15.Qxf4 Ne7 16.Qd2 Nf5 17.Rxe8+ Rxe8 18.Re1 Nd6 19.Rxe8+ Qxe8 20.Qe3 Qa4 
21.Qd3 a5 22.Qc2 Qe8 23.Kf1 Qe6 24.Qc1 Ne4 25.Qe3 Qb6 26.Qc1 Qa6+ 27.Ke1 
Qd6 28.g3 Qe6 29.Qe3 Qb6 30.Qc1 h5 31.f3 Nd6 32.Qd2 Nf5 33.Qe2 g6 34.Kd1 
c5 35.Qe8+ Kg7 36.g4 hxg4 37.fxg4 Nh6 38.Qe5+ Kh7 39.g5 Nf5 40.Kc1 cxd4 
41.Qxd5 Qc7 42.Nb5 Qf4+ 0-1

[Event "Malmo Open 2014"]
[Site "Malmo"]
[Date "2014.12.14"]
[Round "6.9"]
[White "Helin, Mikael"]
[Black "Ernst, Thomas"]
[Result "0-1"]
[WhiteElo "1905"]
[BlackElo "2361"]

1.e4 e5 2.Nc3 Nf6 3.Bc4 Bc5 4.Nf3 Nc6 5.d3 d6 6.Bg5 h6 7.Bh4 g5 8.Nxg5 
hxg5 9.Bxg5 Rg8 10.h4 Be6 11.Nd5 Bxd5 12.Bxd5 Qe7 13.c3 O-O-O 14.Qf3 Rg6 
15.Qf5+ Kb8 16.h5 Rxg5 17.Qxg5 Nxd5 18.Qxe7 Ndxe7 19.b4 Bb6 20.a4 a5 21.b5
Na7 22.c4 Rh8 23.Ke2 Bd4 24.Rag1 Nac8 25.g4 Nb6 26.Rh3 Nxa4 27.Rf3 Rh7 28.
g5 Rxh5 29.Rxf7 Ng6 30.Rf6 Nf4+ 31.Kf3 Rh2 32.Rh6 Rxf2+ 33.Kg4 Nc5 34.Rgh1
Ncxd3 35.Rh8+ Ka7 36.R1h7 Kb6 37.Rc8 Ne6 38.g6 Ndc5 39.Rf7 Re2 40.Kf5 Rxe4
41.Kf6 Rg4 42.Rg8 e4+ 43.Ke7 e3 0-1

[Event "Malmo Open 2014"]
[Site "Malmo"]
[Date "2014.12.14"]
[Round "6.10"]
[White "Sevastianov, Andrii"]
[Black "Lindgren, Philip"]
[Result "0-1"]
[WhiteElo "1850"]
[BlackElo "2332"]

1.c4 c6 2.g3 d5 3.Nf3 Nf6 4.Bg2 dxc4 5.O-O Nbd7 6.Na3 Nb6 7.Qc2 Be6 8.Ng5 
Qd7 9.b3 cxb3 10.axb3 Bf5 11.d3 e5 12.e4 Bg6 13.Bb2 Bd6 14.f4 Qe7 15.Nc4 
Nxc4 16.Qxc4 Ng4 17.Rae1 f6 18.Ne6 Bf7 19.f5 Bxe6 20.fxe6 Bc5+ 21.d4 exd4 
22.Bxd4 Bxd4+ 23.Qxd4 Ne5 24.Bh3 O-O 25.Rd1 Rfd8 26.Qf2 b6 27.Qf5 Rxd1 28.
Rxd1 Rd8 29.Rxd8+ Qxd8 30.e7 Qxe7 31.Qc8+ Kf7 32.Bf1 Qd7 33.Bc4+ Kg6 34.
Qg8 Qd4+ 35.Kf1 Qd1+ 36.Kg2 Qf3+ 37.Kh3 Ng4 38.Qe8+ Kh6 0-1

[Event "MSF Open 2014"]
[Site "Malmo"]
[Date "2014.12.14"]
[Round "6.11"]
[White "Hallbeck, Johan"]
[Black "Jonsson, Jacob"]
[Result "1-0"]
[WhiteElo "1475"]
[BlackElo "1444"]

1.e4 c5 2.Nf3 Nc6 3.Bb5 e6 4.O-O Nge7 5.b3 a6 6.Bxc6 Nxc6 7.Bb2 f6 8.d4 
cxd4 9.Nxd4 Qe7 10.Nd2 Qf7 11.Nxc6 bxc6 12.e5 Be7 13.Nc4 O-O 14.Nd6 Bxd6 
15.Qxd6 fxe5 16.Qxe5 d5 17.Qg3 Bb7 18.Rae1 Rae8 19.Ba3 Qf6 20.Bxf8 Rxf8 
21.Qc7 Ba8 22.Re2 Re8 23.Qb6 Qe7 24.Qxa6 Bb7 25.Qb6 Ra8 26.Ra1 Ra6 27.Qe3 
c5 28.a4 d4 29.Qg3 Ra8 30.Rae1 Bd5 31.f4 Qf6 32.Re5 Rd8 33.Rf1 Rf8 34.Rf2 
Qe7 35.f5 h6 36.fxe6 Bxe6 37.Rxf8+ Kxf8 38.Qe1 Kf7 39.Rxe6 Qxe6 40.Qxe6+ 
Kxe6 41.Kf2 Kd5 42.Ke2 g5 43.g4 Ke4 44.a5 Kd5 45.Kd3 Kd6 46.Kc4 Kc6 47.a6 
Kb6 48.a7 Kxa7 49.Kxc5 d3 50.cxd3 1-0

[Event "MSF Open 2014"]
[Site "Malmo"]
[Date "2014.12.14"]
[Round "6.12"]
[White "Lotinac, Seid"]
[Black "Sadiku, Lorik"]
[Result "1-0"]
[WhiteElo "1423"]
[BlackElo "1398"]

1.e4 d6 2.d4 g6 3.Nf3 Bg7 4.Be3 Nc6 5.Nc3 e5 6.d5 Nb8 7.Bd3 Ne7 8.h3 f5 9.
Bg5 f4 10.Qd2 O-O 11.Be2 h6 12.Bxe7 Qxe7 13.O-O-O a6 14.g3 h5 15.gxf4 Bh6 
16.Kb1 Bxf4 17.Qd3 Nd7 18.Bf1 b5 19.Rg1 g5 20.Ne2 Nc5 21.Qc3 Nxe4 22.Qe1 
Kh8 23.Nxf4 Rxf4 24.Bd3 Rxf3 25.Qxe4 Rxh3 26.Rxg5 Bg4 27.Qg6 Rxd3 28.Qh6+ 
Qh7 29.Qf6+ Qg7 30.Qxg7# 1-0

[Event "Malmo Open 2014"]
[Site "Malmo"]
[Date "2014.12.14"]
[Round "7.2"]
[White "Ernst, Thomas"]
[Black "Hillarp Persson, Tiger"]
[Result "1/2-1/2"]
[WhiteElo "2361"]
[BlackElo "2544"]

1.d4 Nf6 2.c4 g6 3.Nc3 Bg7 4.e4 d6 5.Bd3 O-O 6.Nge2 c5 7.d5 e6 8.O-O Ng4 
9.Nf4 e5 10.Nfe2 f5 11.exf5 gxf5 12.h3 Nh6 13.f4 e4 14.Bc2 Nd7 15.Be3 Nf6 
16.Qd2 Bd7 17.a4 Qe8 18.Kh1 Qg6 19.Bf2 Rae8 20.Nd1 Nhg4 21.Bg1 e3 22.Nxe3 
Nxe3 23.Bxe3 Ne4 24.Qd3 Rf7 25.Rab1 Rfe7 26.Rf3 h5 27.Bd1 h4 28.b4 Bf6 29.
bxc5 Rg7 30.g3 hxg3 31.Kg2 Rh7 32.Ng1 dxc5 33.Rxb7 Bc8 34.Rxh7 Kxh7 35.Ne2
Bh4 36.Bc2 Ba6 37.Nc3 Qg7 38.Nb5 Qb2 39.Qb3 Qxb3 40.Bxb3 Nd2 41.Bxd2 Re2+ 
42.Kg1 Rxd2 43.Nc3 Rb2 44.Nd1 Rd2 45.Ne3 Kg6 46.Bc2 Bc8 47.Bb3 Kh5 48.Nf1 
Rd4 49.Kg2 Ba6 50.Nxg3+ Kg6 51.Ne2 Rd2 52.Re3 Kf7 53.Kf1 Rb2 54.Kg2 Rd2 
55.Kf3 Rb2 56.Ng3 Bc8 57.Ne2 a5 58.Kg2 Rd2 59.Kf3 Rb2 1/2-1/2

[Event "Malmo Open 2014"]
[Site "Malmo"]
[Date "2014.12.14"]
[Round "7.3"]
[White "Lindgren, Philip"]
[Black "Semcesen, Daniel"]
[Result "1/2-1/2"]
[WhiteElo "2332"]
[BlackElo "2471"]

1.c4 e6 2.Nf3 d5 3.d4 c6 4.e3 Bd6 5.Bd3 f5 6.O-O Nh6 7.b3 Qe7 8.Bb2 Nd7 9.
Qc1 g5 10.Ba3 g4 11.Nfd2 Nf6 12.Bxd6 Qxd6 13.Qa3 Qd8 14.Nc3 Kf7 15.f3 Kg7 
16.Ne2 Nf7 17.e4 gxf3 18.gxf3 Rg8 19.Kh1 Kh8 20.Rg1 Rxg1+ 21.Rxg1 Bd7 22.
cxd5 fxe4 23.dxe6 exd3 24.Nf4 Bxe6 25.Nxe6 Qd6 26.Ng5 Qd7 27.Qc5 Nd5 28.
Nge4 b5 29.Qc1 Rf8 30.Qf1 Nf4 31.Rg4 Nd6 32.d5 Nxe4 33.Qa1+ Nf6 34.Rxf4 
Qd6 35.Rf5 cxd5 36.Qd4 Qe6 37.Re5 Qd6 38.Ne4 Qc6 39.Nxf6 Qxf6 40.Rxd5 Qxd4
41.Rxd4 Rxf3 42.Kg2 Re3 43.Rd8+ Kg7 44.Rd7+ Kg6 45.Rxa7 b4 46.Rb7 Re4 47.
Rd7 Re2+ 48.Kg3 d2 49.h3 h5 50.Kf3 Rh2 51.Kg3 Re2 52.Kf3 Rh2 53.Kg3 Re2 
54.Kf3 Rh2 55.Kg3 Re2 56.Kf3 Rh2 57.Kg3 Re2 58.Kf3 Rh2 59.Kg3 Re2 60.Kf3 
1/2-1/2

[Event "Malmo Open 2014"]
[Site "Malmo"]
[Date "2014.12.14"]
[Round "7.4"]
[White "Blomqvist, Erik"]
[Black "Kantans, Toms"]
[Result "1-0"]
[WhiteElo "2525"]
[BlackElo "2447"]

1.e4 c5 2.Nf3 Nf6 3.Nc3 Nc6 4.d4 d5 5.exd5 Nxd5 6.Bb5 Nxc3 7.bxc3 e6 8.O-O
Be7 9.Ne5 Bd7 10.Nxd7 Qxd7 11.Qg4 O-O 12.Rd1 cxd4 13.cxd4 Bf6 14.Rb1 Rfd8 
15.Be3 Rac8 16.c4 Qc7 17.Qe4 Qe7 18.g3 g6 19.h4 Bg7 20.Bxc6 Rxc6 21.d5 f5 
22.Bg5 Bf6 23.dxc6 1-0

[Event "Malmo Open 2014"]
[Site "Malmo"]
[Date "2014.12.14"]
[Round "7.5"]
[White "Westerberg, Jonathan"]
[Black "Livner, Anders"]
[Result "1/2-1/2"]
[WhiteElo "2411"]
[BlackElo "2320"]

1.e4 c6 2.d4 d5 3.Nc3 dxe4 4.Nxe4 Bf5 5.Ng3 Bg6 6.Nh3 e6 7.Nf4 Bd6 8.Ngh5 
Nf6 9.Nxg7+ Kd7 10.h4 Bxf4 11.Bxf4 h5 12.Be5 Ke7 13.Qf3 Nbd7 14.Qa3+ c5 
15.O-O-O Nd5 16.Nxe6 fxe6 17.Bxh8 Qxh8 18.dxc5 Kf7 19.Bd3 Qf6 20.Rh3 Ne5 
21.Bxg6+ Qxg6 22.Qb3 Rd8 23.c4 Qh6+ 24.Kb1 Qg6+ 25.Kc1 Qh6+ 26.Kb1 1/2-1/2

[Event "Malmo Open 2014"]
[Site "Malmo"]
[Date "2014.12.14"]
[Round "7.6"]
[White "Mohammadi, Amir"]
[Black "Kockum, Anton Frisk"]
[Result "0-1"]
[WhiteElo "2242"]
[BlackElo "2362"]

1.e4 e6 2.d3 d5 3.Nd2 Nf6 4.g3 c5 5.Ngf3 Nc6 6.Bg2 Be7 7.O-O b6 8.Re1 Bb7 
9.c3 Qc7 10.a3 h6 11.b4 O-O 12.e5 Nd7 13.d4 cxd4 14.cxd4 b5 15.Bf1 a5 16.
bxa5 Ba6 17.Nb3 b4 18.Bxa6 Rxa6 19.Qd3 Rfa8 20.Bd2 bxa3 21.Rec1 Qa7 22.Ne1
f6 23.exf6 Nxf6 24.Nc2 Ne4 25.Be1 Rf8 26.Nxa3 Bb4 27.f3 Ne5 28.Nb5 Nxd3 
29.Nxa7 Bxe1 30.Nb5 Nxc1 31.Rxc1 Rxf3 0-1

[Event "Malmo Open 2014"]
[Site "Malmo"]
[Date "2014.12.14"]
[Round "7.7"]
[White "Akesson, Ralf"]
[Black "Eriksson, Kristian"]
[Result "1-0"]
[WhiteElo "2457"]
[BlackElo "2146"]

1.d4 Nf6 2.c4 e6 3.Nc3 Bb4 4.Qc2 O-O 5.a3 Bxc3+ 6.Qxc3 Qe8 7.f3 d5 8.Bg5 
Nbd7 9.e3 b6 10.cxd5 Nxd5 11.Qc6 Rb8 12.e4 Bb7 13.Qc2 N5f6 14.Qxc7 Qc8 15.
Rc1 Qxc7 16.Rxc7 Rfc8 17.Rxb7 Rxb7 18.Ba6 Rbc7 19.Bxc8 Rxc8 20.Kd2 Ne8 21.
Ne2 Nd6 22.Rc1 Rxc1 23.Nxc1 f6 24.Bh4 Kf7 25.Kd3 e5 26.Bg3 Ke6 27.Ne2 g6 
28.Nc3 Ke7 29.Nd5+ Ke6 30.Nc7+ Kf7 31.b4 Ke7 32.f4 exd4 33.Kxd4 Kd8 34.Nd5
Nb5+ 35.Kd3 Nxa3 36.Nxf6 Nxf6 37.Bh4 Kd7 38.Bxf6 b5 39.g4 Nc4 40.Bc3 Ke6 
41.Kd4 a6 42.f5+ Kd6 43.Be1 gxf5 44.gxf5 h5 45.e5+ Ke7 46.Bh4+ Ke8 47.Bg5 
Nb6 48.e6 1-0

[Event "Malmo Open 2014"]
[Site "Malmo"]
[Date "2014.12.14"]
[Round "7.8"]
[White "Jepson, Christian"]
[Black "Bellon Lopez, Juan Manuel"]
[Result "1-0"]
[WhiteElo "2416"]
[BlackElo "2381"]

1.d4 Nf6 2.c4 c5 3.d5 e5 4.Nc3 d6 5.e4 Be7 6.g3 O-O 7.Bg2 Na6 8.Nge2 Ne8 
9.O-O Rb8 10.Be3 Nec7 11.a4 Nb4 12.Qd2 a6 13.b3 b5 14.a5 Bf6 15.Kh1 Bd7 
16.Ng1 Kh8 17.f4 Ne8 18.Nf3 Bg4 19.fxe5 Bxf3 20.exf6 Bxg2+ 21.Kxg2 Nxf6 
22.Bg5 bxc4 23.e5 dxe5 24.bxc4 e4 25.Bxf6 e3 26.Bxd8 exd2 27.Bg5 Nc2 28.
Ra2 Ne1+ 29.Kg1 Rb1 30.Bxd2 1-0

[Event "Malmo Open 2014"]
[Site "Malmo"]
[Date "2014.12.14"]
[Round "7.9"]
[White "Iwanow, Anna"]
[Black "Ahlander, Bjorn"]
[Result "1/2-1/2"]
[WhiteElo "2290"]
[BlackElo "2411"]

1.e4 c5 2.Nf3 e6 3.d4 cxd4 4.Nxd4 a6 5.c4 Nf6 6.Nc3 Bb4 7.Qd3 d6 8.Nc2 Bc5
9.b4 Ba7 10.Be2 Nc6 11.O-O O-O 12.Rd1 e5 13.Be3 Bxe3 14.Qxe3 Be6 15.c5 a5 
16.Rxd6 Qc7 17.b5 Nb4 18.Ne1 Nd7 19.a3 Nxc5 20.Rdd1 Nb3 21.Rab1 Nd4 22.
Rdc1 Nbc2 23.Nxc2 Qxc3 24.Nxd4 Qxd4 25.Qxd4 exd4 26.b6 Rfd8 27.Bd3 g5 28.
Rc7 Rd7 29.Rb5 h6 30.Kf1 Kf8 31.Ke1 Ke7 32.Rcc5 a4 33.Kd2 f6 34.Ra5 Rxa5 
35.Rxa5 Bb3 36.Ra7 Kd6 37.Bb5 Re7 38.Bxa4 Bc4 39.Bc2 Kc5 40.Ra5+ 1/2-1/2

[Event "Malmo Open 2014"]
[Site "Malmo"]
[Date "2014.12.14"]
[Round "7.10"]
[White "Olsson, Simon"]
[Black "Johansson, Linus"]
[Result "0-1"]
[WhiteElo "2185"]
[BlackElo "2391"]

1.d4 e6 2.c4 Nf6 3.Nc3 Bb4 4.a3 Bxc3+ 5.bxc3 c5 6.e3 Nc6 7.Bd3 b6 8.Ne2 
O-O 9.e4 Ne8 10.O-O Ba6 11.f4 f5 12.exf5 exf5 13.dxc5 bxc5 14.Ng3 g6 15.
Be3 d6 16.Bxf5 gxf5 17.Qd5+ Rf7 18.Qxc6 Bxc4 19.Rfd1 Qc8 20.Qxc8 Rxc8 21.
Rab1 Kg7 22.Rb2 Kg6 23.Nf1 Bxf1 24.Kxf1 Re7 25.Bc1 Rc6 26.Re1 Rxe1+ 27.
Kxe1 Rb6 28.Rxb6 axb6 29.c4 Nf6 30.Ke2 d5 31.Kd3 d4 32.Bd2 Kf7 33.a4 Ke6 
34.a5 bxa5 35.Bxa5 Ng4 36.h3 Ne3 37.g3 Nd1 38.Kc2 Nf2 39.h4 Ne4 40.Be1 Kf6
41.Kd3 Nd6 42.Bf2 Nc8 43.Bg1 Ne7 44.Bf2 Nc6 45.Be1 Kg6 46.Ke2 Kh5 47.Kf3 
Kg6 48.Ke2 Kf6 49.Kd3 Ke6 50.Bd2 Ne7 51.Ba5 Nc8 52.Bd2 Nb6 53.Ba5 Nd7 54.
Bd2 Kf6 55.Be1 Kg6 56.Ke2 Kh5 57.Bf2 Kg4 58.Kd3 Kf3 59.Bxd4 cxd4 60.Kxd4 
Kxg3 61.Kd5 Nb6+ 0-1

[Event "MSF Open 2014"]
[Site "Malmo"]
[Date "2014.12.14"]
[Round "7.11"]
[White "Sixt, Joar"]
[Black "Hallbeck, Johan"]
[Result "0-1"]
[WhiteElo "1072"]
[BlackElo "1475"]

1.e4 c5 2.Nf3 d6 3.d4 cxd4 4.Nxd4 Nf6 5.Nc3 e5 6.Nf3 Be6 7.Bb5+ Nc6 8.O-O 
a6 9.Bxc6+ bxc6 10.Re1 Be7 11.b3 O-O 12.Bb2 Nd7 13.h3 f6 14.Ba3 Nb6 15.Qd2
d5 16.Bxe7 Qxe7 17.exd5 cxd5 18.Ne2 d4 19.c3 dxc3 20.Nxc3 Rfd8 21.Qe3 Nd5 
22.Nxd5 Rxd5 23.Rad1 Rad8 24.Rxd5 Rxd5 25.Qe2 Qd6 26.Kh1 Bd7 27.Qc4 Kf8 
28.a3 Rd3 29.Re4 Be6 30.Qb4 Qxb4 31.Rxb4 Rxb3 32.Rxb3 Bxb3 33.Kg1 Bc4 34.
Nd2 Bb5 35.f3 Ke7 36.Kf2 Kd6 37.Ke3 Kd5 38.g4 Bd7 39.Kd3 f5 40.Ke3 f4+ 41.
Kd3 Bb5+ 42.Kc3 Be2 43.h4 Bd1 44.g5 Be2 45.h5 Ke6 46.g6 hxg6 47.hxg6 Kf6 
48.Ne4+ Kxg6 49.Nd2 Kh5 50.Kb4 g5 51.Kc5 g4 52.fxg4+ Kxg4 53.Kd5 Kf5 54.
Nb3 f3 55.Nd2 f2 56.Kc5 f1=Q 57.Nxf1 Bxf1 58.Kd5 0-1

[Event "MSF Open 2014"]
[Site "Malmo"]
[Date "2014.12.14"]
[Round "7.12"]
[White "Jonsson, Jacob"]
[Black "Hogselius, Lars"]
[Result "1-0"]
[WhiteElo "1444"]
[BlackElo "1498"]

1.d4 Nf6 2.c4 e6 3.Nc3 Bb4 4.Bd2 O-O 5.Qc2 b6 6.e4 Bb7 7.Bd3 Nc6 8.Nge2 d6
9.O-O-O e5 10.d5 Ne7 11.Rdf1 Ng6 12.h4 h5 13.Bg5 Bc8 14.Ng3 Bxc3 15.Qxc3 
Nf4 16.Bc2 Qd7 17.Bxf6 gxf6 18.Bd1 b5 19.Bxh5 bxc4 20.Qxc4 a5 21.Qc3 Nxh5 
22.Nxh5 Kh8 23.Qe3 1-0